000 01292naa a22003257a 4500
001 BR8700585
003 BR-BrBNA
005 20240918175748.0
007 ta
008 230509b bl.||||| |||| 00| 0 por d
040 _aBR-BrBNA
_bpor
_cBiblioteca Nacional de Agricultura
041 _a(Pt)
072 _aH10
_b2120
_b4020
_b3877
090 _aH10 BR8700585
100 1 _aD'Antonio, A.M.
100 1 _aMatiello, J.B.
100 1 _aPaula, V. de
100 1 _aGuerra Neto, E.G.
111 1 _a10. Congresso Brasileiro de Pesquisas Cafeeiras
_cPocos de Caldas, MG (Brazil)
_d29 Aug 1983
245 1 _aInfluencia do lado de aplicacao de inseticidas sobre a populacao do bicho mineiro das folhas do cafeeiro, Perileucoptera coffeella (Guerin - Meneville, 1842)e sobre os inimigos naturais
260 3 _aRio de Janeiro, RJ (Brasil):
_c1983.
500 _aAnais do 10. Congresso Brasileiro de Pesquisas Cafeeiras Rio de Janeiro, RJ (Brasil): 1983. p. 370-374 (BR8700585-AM)H10
650 _aCAFE
650 _aBICHO MINEIRO
650 _aINSETICIDA
650 _aCONTROLE QUIMICO
773 0 _tAnais do 10. Congresso Brasileiro de Pesquisas Cafeeiras
_wH10 BR8700585
_gRio de Janeiro, RJ (Brasil), 1983. p. 370-374
909 _a202404
_bLucia
_c55
_dLucia Elande
942 _cAM
_2AGRIS
999 _c318027
_d318027